Szczegóły MARC21

Standardy dla testów stosowanych w psychologii i pedagogice /

003 -Nazwa inst., której nr kontr. jest w polu 001 [,]
    • @
    • Nazwa instytucji, której n kontrolny jest w polu 001
    • NUKAT
005 -DATA I CZAS OSTATNIEJ MODYFIKACJI [,]
    • @
    • pole kontrolne
    • 20241231115534.0
020 -Międzynarod. znormalizowany nr książki - ISBN [ , ]
    • a
    • Numer ISBN
    • 8360083096 Find
020 -Międzynarod. znormalizowany nr książki - ISBN [ , ]
    • a
    • Numer ISBN
    • 9788360083093 Find
040 -Instytucja sporządzająca opis [ , ]
    • a
    • Instytucja, która sporządziła opis (NP)
    • KR U/46EG
    • c
    • Instytucja, która sporządziła rekord (NP)
    • KR U/46EG
    • d
    • Instytucja, która zmodyfikowała rekord (P)
    • KR 7/DDs
    • d
    • Instytucja, która zmodyfikowała rekord (P)
    • KR U/42MM
    • d
    • Instytucja, która zmodyfikowała rekord (P)
    • KR U/42AKs
041 -Język dokumentu [1, ]
    • a
    • Język tekstu (P)
    • polski
    • h
    • Język tekstu oryginalnego i/lub pośredniego (P)
    • angielski
942 -Rodzaj dokumentu [ , ]
    • c
    • Rodzaj dokumentu
    • Książka
245 -Strefa tytułu i oznaczenia odpowiedzialności [0,0]
    • a
    • Tytuł
    • Standardy dla testów stosowanych w psychologii i pedagogice / Find
    • c
    • Pozostałe elementy strefy tytułu i oznaczenia odpowiedzialności (NP)
    • przekł. Elżbieta Hornowska ; American Educational Research Association, American Psychological Association, National Council on Measurement in Education.
246 -Wariant tytułu [1, ]
    • i
    • Tekst wyświetlany na ekranie monitora (NP)
    • Tyt. oryg.:
    • a
    • Tytuł (NP)
    • Standards for educational and psychological testing
260 -Strefa adresu wydawniczego [ , ]
    • a
    • Miejsce wydania (P)
    • Gdańsk :
    • b
    • Nazwa wydawcy (P)
    • Gdańskie Wydawnictwo Psychologiczne,
    • c
    • Data wydania (P)
    • 2007.
300 -Strefa opisu fizycznego [ , ]
    • a
    • Określenie formy książki i/lub objętość (NP)
    • 304 s. ;
    • c
    • Format (NP)
    • 24 cm.
336 -Typ zawartości [ , ]
    • a
    • Termin opisujący typ zawartości
    • Tekst
    • b
    • Kod określający zawartość
    • txt
    • 2
    • Źródło (terminu i kodu)
    • rdacontent
337 -Typ mediów [ , ]
    • a
    • Tryb odtwarzania
    • Bez urządzenia pośredniczącego
    • b
    • Kod typu mediów
    • n
    • 2
    • Źródło (terminu i kodu)
    • rdamedia
338 -Typ/rodzaj nośnika [ , ]
    • a
    • Hasło opisujące typ nośnika
    • Wolumin
    • b
    • Kod typu nośnika
    • nc
    • 2
    • Źródło (terminu i kodu)
    • rdacarrier
504 -Uwaga dot. bibliogr. załącznikowej [ , ]
    • a
    • Uwaga dot. bibliografii załącznikowej
    • Bibliogr. s. 15.
080 -Uniwersalna Klasyfikacja Dziesiętna [ , ]
    • 2
    • Identyfikator wydania tablic
    • UDC-P058
    • a
    • Symbol klasyfikacji
    • 159.9.01
    • b
    • Dopowiedzenie
    • Filozofia, teoria, metody, szkoły i systemy psychologiczne.
080 -Uniwersalna Klasyfikacja Dziesiętna [ , ]
    • 2
    • Identyfikator wydania tablic
    • UDC-P058
    • a
    • Symbol klasyfikacji
    • 37.012
    • b
    • Dopowiedzenie
    • Metody badań pedagogicznych. Obserwacja pedagogiczna.
080 -Uniwersalna Klasyfikacja Dziesiętna [ , ]
    • 2
    • Identyfikator wydania tablic
    • UDC-P058
    • a
    • Symbol klasyfikacji
    • 311
    • b
    • Dopowiedzenie
    • Statystyka jako nauka. Teoria statystyki. Metody statystyczne.
080 -Uniwersalna Klasyfikacja Dziesiętna [ , ]
    • 2
    • Identyfikator wydania tablic
    • UDC-P058
    • a
    • Symbol klasyfikacji
    • 167/168
    • b
    • Dopowiedzenie
    • Metodologia. Badania naukowe. Metody naukowe. Metoda analityczna. Metoda syntetyczna. Klasyfikacja. Hipotezy. Dowód. Prawa i reguły naukowe. Teorie naukowe. Systematyka naukowa. Klasyfikacja nauk.
650 -Hasło przedmiotowe [ ,7]
    • a
    • Hasło przedmiotowe
    • Testy psychologiczne.
    • 2
    • Źródło terminu
    • kaba
    • 9
    • KHW
    • 133477
650 -Hasło przedmiotowe [ ,7]
    • a
    • Hasło przedmiotowe
    • Testy i pomiary w edukacji.
    • 2
    • Źródło terminu
    • kaba
    • 9
    • KHW
    • 133473
980 -Symbol UKD [ , ]
    • a
    • UKD
    • 159.9.01:37.012:311:167/168
700 -Hasło dodatkowe - nazwa osobowa [1, ]
    • a
    • Nazwa osobowa (NP)
    • Hornowska, Elżbieta Find
    • d
    • Daty biograficzne (NP)
    • (1952- ).
    • e
    • Określenie rodzaju współpracy
    • Tł.
    • 9
    • KHW
    • 20056
920 -ISBN [ , ]
    • a
    • ISBN
    • 83-60083-09-6 Find
920 -ISBN [ , ]
    • a
    • ISBN
    • 978-83-60083-09-3 Find
Lokalizacja Data inwentaryzacji Status udost. Numer inwentarzowy
BG2008-11-18-3Pd.19656
BG2008-11-181Pd.19655